000 01092cam a22002891 4500
001 gs 55000241
003 DLC
005 20260227111403.0
008 811016s1955 dcuab bs f000 0 eng c
010 _ags 55000241
035 _a(OCoLC)7853562
040 _aU.S. Geol. Survey. Libr.
_cNmSoI
_dOCoLC
_dDLC
042 _apremarc
043 _an-us-nm
050 0 0 _aQE75
_b.C5 no. 360
086 0 _aI 19.4/2:360
100 1 _aCallahan, J. T.
_q(Joseph Thomas),
_d1922-
245 1 0 _aGeology and ground-water supplies of the Fort Wingate Indian School area, McKinley County, New Mexico,
_cby J.T. Callahan and R.L. Cushman. Prepared in cooperation with the Bureau of Indian Affairs.
260 _aWashington,
_c1955.
300 _a12 p.
_billus., maps.
_c27 cm.
410 2 0 _aGeological Survey (U.S.).
_tCircular
_v360
504 _a"Literature cited": p. 8.
650 0 _aWater-supply
_zNew Mexico
_zMcKinley County.
650 0 _aGroundwater
_zNew Mexico
_zMcKinley County.
700 1 _aCushman, R. L.
_q(Robert L.),
_d1917-
_ejoint author.
740 0 _aFort Wingate Indian School, N.M.
999 _c28973
_d28973